[Event "Raahe Linnoitus 60"]
[Site "Raahe"]
[Date "2018.11.03"]
[Round "2"]
[White "Hietala, Kai"]
[Black "Sergeev, Alexey B"]
[Result "1-0"]
[WhiteElo "1893"]
[BlackElo "1982"]
[PlyCount "41"]
[EventDate "2018.11.03"]
[EventType "swiss"]
[EventRounds "5"]
[EventCountry "FIN"]
[SourceTitle "EXT 2022"]
[Source "ChessBase"]
[SourceDate "2021.10.06"]
[SourceVersion "1"]
[SourceVersionDate "2021.10.06"]
[SourceQuality "1"]

1. e4 c6 2. d4 d5 3. Nc3 g6 4. Nge2 Bg7 5. g3 Bg4 6. Bg2 dxe4 7. Nxe4 Bxe2 8. Qxe2 Bxd4 9. 0-0 Bg7 10. Rd1 Qc7 11. Nd6+ Kf8 12. Bf4 Nd7 13. Qc4 Nh6 14. Nxf7 e5 15. Nxh6 Nb6 16. Qc5+ Ke8 17. Bg5 Rf8 18. Bh3 Rf3 19. Bg4 Rf8 20. Rd6 Bxh6 21. Re6+ 1-0

[Event "Savonlinna We SavSK"]
[Site "Savonlinna"]
[Date "2015.09.06"]
[Round "4"]
[White "Sergeev, Alexey B"]
[Black "Munukka, Timo"]
[Result "1-0"]
[WhiteElo "2018"]
[BlackElo "1944"]
[PlyCount "65"]
[EventDate "2015.09.05"]
[EventType "swiss"]
[EventRounds "5"]
[EventCountry "FIN"]
[SourceTitle "EXT 2022"]
[Source "ChessBase"]
[SourceDate "2021.10.06"]
[SourceVersion "1"]
[SourceVersionDate "2021.10.06"]
[SourceQuality "1"]

1. d4 Nf6 2. Nf3 g6 3. Nc3 d6 4. e4 Bg7 5. Be2 0-0 6. Be3 Ng4 7. Bg5 h6 8. Bh4 f5 9. h3 fxe4 10. hxg4 exf3 11. Bxf3 c6 12. Qd3 Qe8 13. Be4 Rf6 14. Bxf6 exf6 15. 0-0-0 Kh7 16. Qg3 d5 17. Bd3 Qf7 18. Rde1 Na6 19. Qd6 Bf8 20. Qd8 Nc7 21. g5 Bf5 22. Qxf6 Qxf6 23. gxf6 Bxd3 24. cxd3 Kg8 25. g4 Kf7 26. g5 h5 27. f4 Ne6 28. Ne2 Bb4 29. Reg1 Re8 30. f5 Nxg5 31. Rxg5 Rxe2 32. fxg6+ Kxf6 33. g7 1-0

[Event "Lappeenranta We LprSK"]
[Site "Lappeenranta"]
[Date "2015.06.13"]
[Round "3"]
[White "Keinanen, Anastasia"]
[Black "Sergeev, Alexey B"]
[Result "0-1"]
[WhiteElo "1923"]
[BlackElo "1993"]
[PlyCount "64"]
[EventDate "2015.06.13"]
[EventType "swiss"]
[EventRounds "5"]
[EventCountry "FIN"]
[SourceTitle "EXT 2022"]
[Source "ChessBase"]
[SourceDate "2021.10.06"]
[SourceVersion "1"]
[SourceVersionDate "2021.10.06"]
[SourceQuality "1"]

1. e4 c5 2. Nf3 Nc6 3. c4 g6 4. d4 Bg7 5. d5 Ne5 6. Nxe5 Bxe5 7. Be2 Qc7 8. g3 d6 9. 0-0 Nf6 10. Nd2 h5 11. f3 g5 12. Nb3 Nh7 13. Qc2 Bh3 14. Rd1 0-0-0 15. Be3 e6 16. Nd2 f5 17. dxe6 f4 18. Bf2 g4 19. gxf4 Bxf4 20. fxg4 hxg4 21. Nf1 Bxf1 22. Bxf1 Ng5 23. Bg3 Nf3+ 24. Kf2 Bxg3+ 25. hxg3 Nd4 26. Qa4 Rdf8+ 27. Ke1 Rh2 28. Qd7+ Qxd7 29. exd7+ Kxd7 30. Bd3 Nf3+ 31. Kf1 Ne5+ 32. Ke1 Nxd3+ 0-1

[Event "Lappeenranta We LprSK"]
[Site "Lappeenranta"]
[Date "2015.06.13"]
[Round "2"]
[White "Piironen, Petri"]
[Black "Sergeev, Alexey B"]
[Result "0-1"]
[WhiteElo "1947"]
[BlackElo "1993"]
[PlyCount "64"]
[EventDate "2015.06.13"]
[EventType "swiss"]
[EventRounds "5"]
[EventCountry "FIN"]
[SourceTitle "EXT 2022"]
[Source "ChessBase"]
[SourceDate "2021.10.06"]
[SourceVersion "1"]
[SourceVersionDate "2021.10.06"]
[SourceQuality "1"]

1. e4 c6 2. d4 d5 3. e5 g6 4. Bd3 Bg7 5. Ne2 Nh6 6. Ng3 c5 7. c3 Nc6 8. 0-0 cxd4 9. cxd4 Nxd4 10. Bxg6 hxg6 11. Qxd4 Ng4 12. h3 Nxe5 13. Qb4 Bxh3 14. f4 Nc6 15. Qxb7 Bd4+ 16. Rf2 Bd7 17. Nc3 e6 18. Kf1 Rb8 19. Qa6 Bxf2 20. Kxf2 Qb6+ 21. Qxb6 Rxb6 22. b3 Nb4 23. Bd2 Ke7 24. a3 Nc2 25. Ra2 Rc8 26. Nge2 d4 27. Rxc2 dxc3 28. Bxc3 Rxb3 29. Rc1 Bb5 30. Bb4+ Kd7 31. Rd1+ Rd3 32. Rh1 Rc2 0-1

[Event "Karelia-ch 63rd"]
[Site "Petrozavodsk"]
[Date "2010.02.25"]
[Round "9"]
[White "Savolainen, Lev P"]
[Black "Sergeev, Alexey B"]
[Result "0-1"]
[WhiteElo "2190"]
[BlackElo "2043"]
[PlyCount "78"]
[EventDate "2010.02.20"]
[EventType "swiss"]
[EventRounds "9"]
[EventCountry "RUS"]
[SourceTitle "CBM 135 Extra"]
[Source "ChessBase"]
[SourceDate "2010.05.04"]
[SourceVersion "1"]
[SourceVersionDate "2010.05.04"]
[SourceQuality "1"]

1. d4 d5 2. c4 c6 3. Nf3 Nf6 4. Nc3 a6 5. c5 Qc7 6. Ne5 Nbd7 7. f4 Ne4 8. Nxe4 dxe4 9. Qb3 Nxe5 10. fxe5 Be6 11. Qc2 0-0-0 12. Qxe4 f6 13. exf6 Qd7 14. f7 Bxf7 15. Bf4 Qxd4 16. Qf5+ e6 17. Qxf7 Qb4+ 18. Kf2 Bxc5+ 19. Kg3 Rd7 20. Qxe6 Bf2+ 21. Kxf2 Qxf4+ 22. Kg1 Rf8 23. h3 Kc7 24. Qg4 Qe5 25. e3 Rd2 26. Re1 h5 27. Qg6 Rff2 28. Bd3 Rxb2 29. a4 Rxg2+ 30. Qxg2 Rxg2+ 31. Kxg2 Qd5+ 32. e4 Qxd3 33. e5 h4 34. e6 Qg3+ 35. Kf1 Qf3+ 36. Kg1 Kd8 37. e7+ Ke8 38. Re6 Qd1+ 39. Kh2 Qc2+ 0-1

[Event "Karelia-ch 63rd"]
[Site "Petrozavodsk"]
[Date "2010.02.20"]
[Round "1"]
[White "Dokutchaev, Aleksander"]
[Black "Sergeev, Alexey B"]
[Result "1/2-1/2"]
[WhiteElo "2411"]
[BlackElo "2043"]
[PlyCount "70"]
[EventDate "2010.02.20"]
[EventType "swiss"]
[EventRounds "9"]
[EventCountry "RUS"]
[SourceTitle "CBM 135 Extra"]
[Source "ChessBase"]
[SourceDate "2010.05.04"]
[SourceVersion "1"]
[SourceVersionDate "2010.05.04"]
[SourceQuality "1"]

1. d4 Nf6 2. Nf3 d5 3. c4 c6 4. cxd5 cxd5 5. Nc3 Qb6 6. Na4 Qc7 7. Bd2 Ne4 8. Rc1 Nc6 9. Ne5 e6 10. e3 Nxd2 11. Qxd2 Bd6 12. Bb5 Bxe5 13. dxe5 Qxe5 14. Rxc6 bxc6 15. Bxc6+ Bd7 16. Bxa8 Bxa4 17. Qb4 Bd7 18. 0-0 f6 19. Rc1 Kf7 20. Qb7 Kg6 21. Rc7 Rxa8 22. Rxd7 Rb8 23. Rxg7+ Kf5 24. Qa6 Qxb2 25. Qd3+ Ke5 26. f4+ Kd6 27. Rxa7 Qa1+ 28. Kf2 Rb2+ 29. Kf3 Rxa2 30. Rxa2 Qxa2 31. Qxh7 Qb3 32. Qh8 Qd1+ 33. Kg3 Qe1+ 34. Kf3 Qd1+ 35. Kg3 Qe1+ 1/2-1/2